000
00261nam a2200109Ia 4500
008
190216s9999||||xx |||||||||||||| ||und||
100
_a
Bari S A&Amp;Donami H V
245
0
_a
Principles Of Book Keeping
260
_b
Wiley India
650
_a
Commerce
942
_c
BK
999
_c
4601
_d
4601